[Event "SVK-chT4 A22 1819"]
[Site "Slovakia"]
[Date "2019.02.17"]
[Round "9.1"]
[White "Sandor, Stefan"]
[Black "Sebok, Kristian"]
[Result "1/2-1/2"]
[WhiteElo "1555"]
[BlackElo "1593"]
[PlyCount "40"]
[EventDate "2018.10.14"]
[EventType "team-tourn"]
[EventRounds "11"]
[EventCountry "SVK"]
[SourceTitle "EXT 2020"]
[Source "ChessBase"]
[SourceDate "2019.10.17"]
[SourceVersion "1"]
[SourceVersionDate "2019.10.17"]
[SourceQuality "1"]

1. e4 c5 2. d4 cxd4 3. Qxd4 Nc6 4. Qd1 e5 5. Nf3 Nf6 6. Bd3 Be7 7. a3 d6 8. h3 h6 9. Nc3 Be6 10. 0-0 0-0 11. Be3 a6 12. Ne2 Nh7 13. Ng3 Bg5 14. Nxg5 Nxg5 15. Qd2 f6 16. Ne2 Qd7 17. h4 Nf7 18. f3 Ne7 19. Bf2 Rac8 20. Rac1 Qa4 1/2-1/2